US Independence Day Quiz Stats

 Plays Quiz Updated Sep 19, 2018

Challenge
Share
Tweet
Embed
Score 0/21 Timer 07:00
2 Plays Today
Hint Answer % Correct
Independence Day4th of July
97.4%
Year in which the Declaration was signed1776
92.6%
Name of famous document that was signedDeclaration of Independence
91.6%
Declared independence fromKingdom of Great Britain
91.5%
President that died on this dayThomas Jefferson
87.4%
Principal author of historical documentThomas Jefferson
87.4%
Explosive devices used to celebrate the holidayFireworks
87.1%
Number of colonies that signed the document13
85.9%
Original bell to be placed in the signers buildingLiberty Bell
85.7%
First and largest signature on the documentJohn Hancock
84.1%
City in which the document was signedPhiladelphia
82.5%
Hint Answer % Correct
President that died on this dayJohn Adams
71.2%
Colony in which had the most signersPennsylvania
64.5%
King to which above document was sentGeorge III
63.7%
First state to recognize the holidayMassachusetts
54.1%
The building in which the document was signedIndependence Hall
43.8%
Number of Signers that signed the document56
34.4%
President that died on this dayJames Monroe
33.5%
The convention that adopted the documentSecond Continental Congress
33.3%
President that was born on this dayCalvin Coolidge
20.2%
Put forth the motion to declare IndependenceRichard Henry Lee
9.1%

You're not logged in!

Compare scores with friends on all Sporcle quizzes.
OR
Log In

You Might Also Like...

Show Comments

Extras

Top Quizzes Today


Score Distribution

Your Account Isn't Verified!

In order to create a playlist on Sporcle, you need to verify the email address you used during registration. Go to your Sporcle Settings to finish the process.

Report this User

Report this user for behavior that violates our Community Guidelines.

Details: